书目信息 |
| 题名: |
英文影视大片欣赏
|
|
| 作者: | 向成军 , 威尔士 主编 | |
| 分册: | ||
| 出版信息: | 广州 广东高等教育出版社 2018.08 |
|
| 页数: | 94页 | |
| 开本: | 26cm | |
| 丛书名: | ||
| 单 册: | ||
| 中图分类: | H319.4 | |
| 科图分类: | ||
| 主题词: | 英语--ying yu--阅读教学--高等学校--教材 , 电影评论--dian ying ping lun--世界 | |
| 电子资源: | ||
| ISBN: | 978-7-5361-6141-2 | |
| 000 | 01143nam0 2200277 450 | |
| 001 | 202019134899 | |
| 005 | 20191007123107.0 | |
| 010 | @a978-7-5361-6141-2@dCNY20.00 | |
| 100 | @a20191002d2018 em y0chiy50 ea | |
| 101 | 0 | @achi@aeng |
| 102 | @aCN@b440000 | |
| 105 | @aak a 000yy | |
| 106 | @ar | |
| 200 | 1 | @a英文影视大片欣赏@Aying wen ying shi da pian xin shang@d= Appreciation of English movie hits@f主编向成军, (加) 爱德华·丁·威尔士@zeng |
| 210 | @a广州@c广东高等教育出版社@d2018.08 | |
| 215 | @a94页@c图@d26cm | |
| 320 | @a有书目 (第94页) | |
| 330 | @a本书根据电影的性质分为五大模块, 即爱情电影、动作电影、音乐电影、伦理电影、卡通电影。每个模块挑选该类型中最经典的两部电影作为项目进行赏析, 每个项目均以任务为驱动, 介绍电影的主要内容、影片情况、演员、获奖情况等。 | |
| 510 | 1 | @aAppreciation of English movie hits@zeng |
| 606 | 0 | @a英语@Aying yu@x阅读教学@x高等学校@j教材 |
| 606 | 0 | @a电影评论@Adian ying ping lun@y世界 |
| 690 | @aH319.4@v5 | |
| 701 | 0 | @a向成军@Axiang cheng jun@4主编 |
| 701 | 1 | @a威尔士@Awei er shi@g(Welsh, Edwark Dean)@4主编 |
| 801 | 0 | @aCN@c20190905 |
| 905 | @a河南城建学院图书馆@dH319.4@eX272 | |
| 英文影视大片欣赏= Appreciation of English movie hits/主编向成军, (加) 爱德华·丁·威尔士.-广州:广东高等教育出版社,2018.08 |
| 94页:图;26cm |
| ISBN 978-7-5361-6141-2:CNY20.00 |
| 本书根据电影的性质分为五大模块, 即爱情电影、动作电影、音乐电影、伦理电影、卡通电影。每个模块挑选该类型中最经典的两部电影作为项目进行赏析, 每个项目均以任务为驱动, 介绍电影的主要内容、影片情况、演员、获奖情况等。 |
| ● |
| 相关链接 |
|
|
|
正题名:英文影视大片欣赏
索取号:H319.4/X272
 
预约/预借
| 序号 | 登录号 | 条形码 | 馆藏地/架位号 | 状态 | 备注 |
| 1 | 1443085 | 214430855 | 语言库209/209语言库 49排7列1层/ [索取号:H319.4/X272] | 在馆 | |
| 2 | 1443086 | 214430864 | 语言库209/209语言库 49排7列1层/ [索取号:H319.4/X272] | 在馆 |